Central Library OPAC University of Rajshahi

Social and cultural lives of immune systems / (Record no. 59443)

MARC details
000 -LEADER
fixed length control field 01129nam a2200313 a 4500
001 - CONTROL NUMBER
control field 59443
003 - CONTROL NUMBER IDENTIFIER
rucl marc code BD-RjUL
005 - DATE AND TIME OF LATEST TRANSACTION
control field 20211209080730.0
008 - FIXED-LENGTH DATA ELEMENTS--GENERAL INFORMATION
fixed length control field 161224s2003 enka b 001 0 eng
020 ## - INTERNATIONAL STANDARD BOOK NUMBER
International Standard Book Number 0415310040
International Standard Book Number 0415310059 (pbk.)
035 ## - SYSTEM CONTROL NUMBER
System control number (BD-RjUL) 59567
040 ## - CATALOGING SOURCE
Original cataloging agency DLC
Transcribing agency DLC
Language of cataloging eng
Modifying agency BD-RjUL
041 ## - LANGUAGE CODE
Language code of text/sound track or separate title eng
082 00 - DEWEY DECIMAL CLASSIFICATION NUMBER
Classification number 306.461
Edition number 23
Author mark and year SOC 2003
245 00 - TITLE STATEMENT
Title Social and cultural lives of immune systems /
Statement of responsibility, etc. edited by James M. Wilce, Jnr.
260 ## - PUBLICATION, DISTRIBUTION, ETC. (IMPRINT)
Place of publication, distribution, etc. London :
Name of publisher, distributor, etc. Routledge,
Date of publication, distribution, etc. c2003.
300 ## - PHYSICAL DESCRIPTION
Pagination viii, 318 p. :
Illustrations ill. ;
Size 24 cm.
490 ## - SERIES STATEMENT
Series statement Theory and practice in medical anthropology and international health ;
Volume/sequential designation v. 10
500 ## - GENERAL NOTE
General note Includes bibliographical references and index.
650 #0 - SUBJECT ADDED ENTRY--TOPICAL TERM
Topical term or geographic name as entry element Medical anthropology.
9 (RLIN) 176780
Topical term or geographic name as entry element Immune system.
9 (RLIN) 176781
Topical term or geographic name as entry element Culture
General subdivision Semiotic models.
9 (RLIN) 176782
Topical term or geographic name as entry element Human body
General subdivision Social aspects.
9 (RLIN) 176783
Topical term or geographic name as entry element Human body
General subdivision Symbolic aspects.
9 (RLIN) 176784
700 1# - ADDED ENTRY--PERSONAL NAME
Personal name Wilce, James MacLynn,
Dates associated with a name 1953-.
830 #0 - SERIES ADDED ENTRY--UNIFORM TITLE
Uniform title Theory and practice in medical anthropology and international health ;
Volume number/sequential designation v. 10
942 ## - ADDED ENTRY ELEMENTS (KOHA)
Source of classification or shelving scheme Dewey Decimal Classification
Koha item type Books
Holdings
Lost status Source of classification or shelving scheme Damaged status Not for loan Collection code Permanent Location Current Location Shelving location Date acquired Source of acquisition Cost, normal purchase price Total Checkouts Full call number Date last seen Copy number Koha item type
  Dewey Decimal Classification   Not For Loan Non-fiction Central Library, University of Rajshahi Central Library, University of Rajshahi Reading Room 12/07/2009 Ahsania Mission Book Distribution House, Dhaka 3679.90   306.461 SOC 2003 24/12/2016 C-1 Books